000 00516nam a22001817a 4500
003 KOHA_MİRAKIL
005 20251219104243.0
008 251219b tu ||||| |||| 00| 0 tur d
020 _a9786057221001
040 _aTR-AnABB
_btur
_cTR-AnABB
041 _atur
082 _a325.2
_bVAT 2022
245 1 0 _aVatandaşlık ve insan hakları bağlamında göç raporu /
260 _aAnkara :
_bPolis Akademisi Yayınları,
_c2022
300 _a85 sayfa ;
_c24 cm
650 0 4 _aGöç yönetimi
942 _2ddc
_cBK
999 _c9796
_d9796
900 _bGizem YORULMAZ